[Event "April 9 Early 2024"]
[Site "Chess.com"]
[Date "2024.04.09"]
[Round "5"]
[White "Bartel, Michal"]
[Black "Weetik, Vjacheslav"]
[Result "0-1"]
[Board "85"]
[WhiteFideId "1119257"]
[BlackFideId "4153472"]
[WhiteTitle "FM"]
[BlackTitle "FM"]
[WhiteElo "2594"]
[BlackElo "2781"]
[WhiteTeam "POL"]
[BlackTeam "RUS"]
[WhiteClock "0:00:00"]
[BlackClock "0:00:07"]
[Variant "Standard"]

1. e4 {[%clk 0:03:00]}  c5 {[%clk 0:02:58]} 2. Ne2 {[%clk 0:03:00]}  d6 {[%clk 0:02:56]} 3. c3 {[%clk 0:02:59]}  Nf6 {[%clk 0:02:56]} 4. d3 {[%clk 0:02:57]}  Nc6 {[%clk 0:02:56]} 5. g3 {[%clk 0:02:57]}  d5 {[%clk 0:02:49]} 6. Bg2 {[%clk 0:02:53]}  dxe4 {[%clk 0:02:49]} 7. dxe4 {[%clk 0:02:54]}  Qxd1+ {[%clk 0:02:49]} 8. Kxd1 {[%clk 0:02:55]}  Ng4 {[%clk 0:02:43]} 9. Ke1 {[%clk 0:02:52]}  Nce5 {[%clk 0:02:40]} 10. Nf4 {[%clk 0:02:50]}  g5 {[%clk 0:02:38]} 11. h3 {[%clk 0:02:44]}  gxf4 {[%clk 0:02:36]} 12. hxg4 {[%clk 0:02:45]}  f3 {[%clk 0:02:20]} 13. Bf1 {[%clk 0:02:36]}  Bxg4 {[%clk 0:02:19]} 14. Bf4 {[%clk 0:02:29]}  Bg7 {[%clk 0:02:20]} 15. Nd2 {[%clk 0:02:16]}  O-O-O {[%clk 0:02:19]} 16. Rd1 {[%clk 0:02:04]}  h5 {[%clk 0:02:12]} 17. Nc4 {[%clk 0:01:55]}  Ng6 {[%clk 0:02:02]} 18. Be3 {[%clk 0:01:50]}  b6 {[%clk 0:01:52]} 19. Bh3 {[%clk 0:01:46]}  Kc7 {[%clk 0:01:48]} 20. a4 {[%clk 0:01:38]}  Kc6 {[%clk 0:01:40]} 21. Bg5 {[%clk 0:01:20]}  a6 {[%clk 0:01:28]} 22. Ne3 {[%clk 0:01:12]}  Bxh3 {[%clk 0:01:20]} 23. Rxh3 {[%clk 0:01:13]}  Rxd1+ {[%clk 0:01:20]} 24. Kxd1 {[%clk 0:01:13]}  e6 {[%clk 0:01:19]} 25. Kc2 {[%clk 0:01:10]}  Ne5 {[%clk 0:01:15]} 26. Rh4 {[%clk 0:01:01]}  f6 {[%clk 0:01:00]} 27. Bf4 {[%clk 0:01:01]}  Ng6 {[%clk 0:01:00]} 28. Rh3 {[%clk 0:01:01]}  h4 {[%clk 0:00:44]} 29. Ng4 {[%clk 0:00:50]}  hxg3 {[%clk 0:00:40]} 30. Rxh8 {[%clk 0:00:50]}  Bxh8 {[%clk 0:00:41]} 31. Bxg3 {[%clk 0:00:50]}  f5 {[%clk 0:00:30]} 32. exf5 {[%clk 0:00:50]}  exf5 {[%clk 0:00:30]} 33. Nh6 {[%clk 0:00:41]}  f4 {[%clk 0:00:30]} 34. Bh2 {[%clk 0:00:41]}  Be5 {[%clk 0:00:20]} 35. Nf7 {[%clk 0:00:37]}  Kd5 {[%clk 0:00:20]} 36. Ng5 {[%clk 0:00:34]}  Nh4 {[%clk 0:00:19]} 37. Kd3 {[%clk 0:00:30]}  c4+ {[%clk 0:00:19]} 38. Kc2 {[%clk 0:00:30]}  b5 {[%clk 0:00:20]} 39. axb5 {[%clk 0:00:30]}  axb5 {[%clk 0:00:20]} 40. Kd2 {[%clk 0:00:31]}  Bf6 {[%clk 0:00:19]} 41. Bxf4 {[%clk 0:00:26]}  Bxg5 {[%clk 0:00:19]} 42. Bxg5 {[%clk 0:00:26]}  Nf5 {[%clk 0:00:20]} 43. Bf4 {[%clk 0:00:26]}  Ke4 {[%clk 0:00:20]} 44. Bc7 {[%clk 0:00:22]}  Nh6 {[%clk 0:00:18]} 45. Bb6 {[%clk 0:00:22]}  Ng4 {[%clk 0:00:18]} 46. Ba7 {[%clk 0:00:22]}  Ne5 {[%clk 0:00:19]} 47. Kc2 {[%clk 0:00:19]}  Nd3 {[%clk 0:00:14]} 48. b3 {[%clk 0:00:18]}  Ne1+ {[%clk 0:00:15]} 49. Kb2 {[%clk 0:00:16]}  Kd3 {[%clk 0:00:15]} 50. bxc4 {[%clk 0:00:16]}  bxc4 {[%clk 0:00:15]} 51. Bd4 {[%clk 0:00:17]}  Kd2 {[%clk 0:00:10]} 52. Be3+ {[%clk 0:00:15]}  Ke2 {[%clk 0:00:08]} 53. Bb6 {[%clk 0:00:15]}  Nd3+ {[%clk 0:00:09]} 54. Ka3 {[%clk 0:00:16]}  Nxf2 {[%clk 0:00:10]} 55. Kb4 {[%clk 0:00:16]}  Nd1 {[%clk 0:00:05]} 56. Bg1 {[%clk 0:00:16]}  Kd3 {[%clk 0:00:04]} 57. Bc5 {[%clk 0:00:15]}  f2 {[%clk 0:00:04]} 58. Bxf2 {[%clk 0:00:15]}  Nxf2 {[%clk 0:00:05]} 59. Ka3 {[%clk 0:00:16]}  Kxc3 {[%clk 0:00:05]} 60. Ka2 {[%clk 0:00:17]}  Kc2 {[%clk 0:00:06]} 61. Ka1 {[%clk 0:00:17]}  c3 {[%clk 0:00:07]} 62. Ka2 {[%clk 0:00:18]}  Kd1 {[%clk 0:00:07]} 63. Ka1 {[%clk 0:00:19]}  c2 {[%clk 0:00:08]} 64. Ka2 {[%clk 0:00:20]}  c1=Q {[%clk 0:00:08]} 65. Kb3 {[%clk 0:00:21]}  Qc5 {[%clk 0:00:08]} 66. Ka2 {[%clk 0:00:00]}  Kc2 {[%clk 0:00:07]} 0-1

[Event "April 9 Early 2024"]
[Site "Chess.com"]
[Date "2024.04.09"]
[Round "5"]
[White "Pinero Rodriguez, Carlos Jose"]
[Black "Santos Flores, Alberto"]
[Result "1-0"]
[Board "88"]
[WhiteFideId "3901726"]
[BlackFideId "3601234"]
[WhiteTitle "IM"]
[BlackTitle "IM"]
[WhiteElo "2768"]
[BlackElo "2539"]
[WhiteTeam "VEN"]
[BlackTeam "ECU"]
[WhiteClock "0:00:43"]
[BlackClock "0:00:14"]
[Variant "Standard"]

1. e4 {[%clk 0:02:54]}  e6 {[%clk 0:02:59]} 2. d4 {[%clk 0:02:53]}  d5 {[%clk 0:03:00]} 3. Nd2 {[%clk 0:02:53]}  c5 {[%clk 0:03:00]} 4. Ngf3 {[%clk 0:02:53]}  cxd4 {[%clk 0:02:59]} 5. Nxd4 {[%clk 0:02:53]}  Nf6 {[%clk 0:02:59]} 6. exd5 {[%clk 0:02:52]}  Nxd5 {[%clk 0:03:00]} 7. Bb5+ {[%clk 0:02:49]}  Bd7 {[%clk 0:02:59]} 8. Bxd7+ {[%clk 0:02:47]}  Nxd7 {[%clk 0:02:57]} 9. O-O {[%clk 0:02:48]}  Be7 {[%clk 0:02:57]} 10. c4 {[%clk 0:02:47]}  N5f6 {[%clk 0:02:49]} 11. b3 {[%clk 0:02:46]}  Nc5 {[%clk 0:02:46]} 12. N2f3 {[%clk 0:02:45]}  O-O {[%clk 0:02:43]} 13. Bb2 {[%clk 0:02:44]}  Rc8 {[%clk 0:02:40]} 14. Re1 {[%clk 0:02:43]}  a6 {[%clk 0:02:40]} 15. Qe2 {[%clk 0:02:44]}  Qc7 {[%clk 0:02:39]} 16. Rad1 {[%clk 0:02:43]}  Rfd8 {[%clk 0:02:37]} 17. Ne5 {[%clk 0:02:40]}  Bd6 {[%clk 0:02:14]} 18. Ndf3 {[%clk 0:02:37]}  Bxe5 {[%clk 0:02:01]} 19. Nxe5 {[%clk 0:02:37]}  Rxd1 {[%clk 0:02:01]} 20. Rxd1 {[%clk 0:02:37]}  Rd8 {[%clk 0:02:01]} 21. b4 {[%clk 0:01:50]}  Rxd1+ {[%clk 0:01:44]} 22. Qxd1 {[%clk 0:01:49]}  Ncd7 {[%clk 0:01:44]} 23. Qd4 {[%clk 0:01:42]}  Nxe5 {[%clk 0:01:42]} 24. Qxe5 {[%clk 0:01:42]}  Qxe5 {[%clk 0:01:32]} 25. Bxe5 {[%clk 0:01:43]}  Nd7 {[%clk 0:01:32]} 26. Bc7 {[%clk 0:01:39]}  e5 {[%clk 0:01:30]} 27. f3 {[%clk 0:01:37]}  f5 {[%clk 0:01:29]} 28. a4 {[%clk 0:01:34]}  Kf7 {[%clk 0:01:29]} 29. a5 {[%clk 0:01:32]}  Ke6 {[%clk 0:01:28]} 30. Kf2 {[%clk 0:01:29]}  Nf6 {[%clk 0:01:17]} 31. Ke3 {[%clk 0:01:26]}  g6 {[%clk 0:01:14]} 32. Bb6 {[%clk 0:01:24]}  Nd7 {[%clk 0:01:12]} 33. Kd3 {[%clk 0:01:21]}  Nxb6 {[%clk 0:00:35]} 34. axb6 {[%clk 0:01:22]}  Kd6 {[%clk 0:00:36]} 35. f4 {[%clk 0:01:11]}  exf4 {[%clk 0:00:30]} 36. Kd4 {[%clk 0:01:05]}  Kc6 {[%clk 0:00:30]} 37. c5 {[%clk 0:01:03]}  g5 {[%clk 0:00:27]} 38. Ke5 {[%clk 0:01:01]}  a5 {[%clk 0:00:26]} 39. bxa5 {[%clk 0:01:00]}  Kxc5 {[%clk 0:00:26]} 40. a6 {[%clk 0:00:57]}  Kxb6 {[%clk 0:00:25]} 41. axb7 {[%clk 0:00:58]}  Kxb7 {[%clk 0:00:25]} 42. Kxf5 {[%clk 0:00:58]}  Kc6 {[%clk 0:00:20]} 43. Kxg5 {[%clk 0:00:57]}  Kd5 {[%clk 0:00:20]} 44. Kxf4 {[%clk 0:00:57]}  Ke6 {[%clk 0:00:20]} 45. Kg5 {[%clk 0:00:58]}  Kf7 {[%clk 0:00:21]} 46. Kh6 {[%clk 0:00:58]}  Kg8 {[%clk 0:00:21]} 47. h3 {[%clk 0:00:58]}  Kh8 {[%clk 0:00:21]} 48. h4 {[%clk 0:00:56]}  Kg8 {[%clk 0:00:21]} 49. h5 {[%clk 0:00:56]}  Kh8 {[%clk 0:00:21]} 50. g4 {[%clk 0:00:43]}  Kg8 {[%clk 0:00:21]} 51. g5 {[%clk 0:00:43]}  Kh8 {[%clk 0:00:22]} 52. g6 {[%clk 0:00:44]}  Kg8 {[%clk 0:00:14]} 53. g7 {[%clk 0:00:43]} 1-0

[Event "April 9 Early 2024"]
[Site "Chess.com"]
[Date "2024.04.09"]
[Round "5"]
[White "Dubnevych, Maksym"]
[Black "Schoorl, Rob"]
[Result "0-1"]
[Board "90"]
[WhiteFideId "14184001"]
[BlackFideId "1009508"]
[WhiteTitle "FM"]
[BlackTitle "FM"]
[WhiteElo "2758"]
[BlackElo "2525"]
[WhiteTeam "UKR"]
[BlackTeam "NED"]
[WhiteClock "0:00:20"]
[BlackClock "0:00:17"]
[Variant "Standard"]

1. Nc3 {[%clk 0:03:00]}  Nf6 {[%clk 0:02:59]} 2. e4 {[%clk 0:03:00]}  e5 {[%clk 0:02:58]} 3. Bc4 {[%clk 0:02:57]}  Bc5 {[%clk 0:02:58]} 4. d3 {[%clk 0:02:56]}  O-O {[%clk 0:02:56]} 5. Nge2 {[%clk 0:02:53]}  c6 {[%clk 0:02:55]} 6. O-O {[%clk 0:02:50]}  d5 {[%clk 0:02:53]} 7. Bb3 {[%clk 0:02:50]}  h6 {[%clk 0:02:53]} 8. h3 {[%clk 0:02:49]}  a5 {[%clk 0:02:41]} 9. a3 {[%clk 0:02:45]}  Nbd7 {[%clk 0:02:28]} 10. Ng3 {[%clk 0:02:45]}  dxe4 {[%clk 0:02:20]} 11. dxe4 {[%clk 0:02:03]}  Bb6 {[%clk 0:02:17]} 12. Qf3 {[%clk 0:02:02]}  Nc5 {[%clk 0:02:16]} 13. Ba2 {[%clk 0:02:01]}  Ne6 {[%clk 0:02:11]} 14. Nce2 {[%clk 0:01:57]}  Nd4 {[%clk 0:01:36]} 15. Nxd4 {[%clk 0:01:56]}  Bxd4 {[%clk 0:01:37]} 16. c3 {[%clk 0:01:55]}  Bc5 {[%clk 0:01:37]} 17. b4 {[%clk 0:01:50]}  Bb6 {[%clk 0:01:32]} 18. Bb2 {[%clk 0:01:40]}  Be6 {[%clk 0:01:28]} 19. Bxe6 {[%clk 0:01:38]}  fxe6 {[%clk 0:01:28]} 20. Rad1 {[%clk 0:01:39]}  Qe7 {[%clk 0:01:11]} 21. Qe2 {[%clk 0:01:38]}  Rad8 {[%clk 0:01:06]} 22. bxa5 {[%clk 0:00:35]}  Bxa5 {[%clk 0:01:02]} 23. c4 {[%clk 0:00:36]}  Qc5 {[%clk 0:01:00]} 24. Kh2 {[%clk 0:00:32]}  Bb6 {[%clk 0:00:52]} 25. Qc2 {[%clk 0:00:20]}  Rxd1 {[%clk 0:00:48]} 26. Qxd1 {[%clk 0:00:17]}  Rd8 {[%clk 0:00:44]} 27. Qe2 {[%clk 0:00:15]}  Qd6 {[%clk 0:00:41]} 28. Kh1 {[%clk 0:00:09]}  Bd4 {[%clk 0:00:39]} 29. Bc1 {[%clk 0:00:09]}  Nd7 {[%clk 0:00:34]} 30. f4 {[%clk 0:00:09]}  exf4 {[%clk 0:00:32]} 31. Bxf4 {[%clk 0:00:10]}  Be5 {[%clk 0:00:31]} 32. Bxe5 {[%clk 0:00:10]}  Nxe5 {[%clk 0:00:31]} 33. Nh5 {[%clk 0:00:09]}  Qd4 {[%clk 0:00:29]} 34. Qe1 {[%clk 0:00:06]}  Qxc4 {[%clk 0:00:26]} 35. Rg1 {[%clk 0:00:03]}  Rf8 {[%clk 0:00:19]} 36. Qg3 {[%clk 0:00:03]}  g6 {[%clk 0:00:14]} 37. Qxe5 {[%clk 0:00:03]}  gxh5 {[%clk 0:00:14]} 38. Qxh5 {[%clk 0:00:03]}  Kg7 {[%clk 0:00:14]} 39. Qg4+ {[%clk 0:00:03]}  Kh7 {[%clk 0:00:14]} 40. Kh2 {[%clk 0:00:04]}  Qd4 {[%clk 0:00:14]} 41. Rd1 {[%clk 0:00:03]}  Qe5+ {[%clk 0:00:14]} 42. Kh1 {[%clk 0:00:04]}  Rf7 {[%clk 0:00:13]} 43. Rb1 {[%clk 0:00:03]}  b5 {[%clk 0:00:13]} 44. a4 {[%clk 0:00:04]}  bxa4 {[%clk 0:00:12]} 45. Rd1 {[%clk 0:00:03]}  a3 {[%clk 0:00:12]} 46. Kg1 {[%clk 0:00:03]}  a2 {[%clk 0:00:12]} 47. Qe2 {[%clk 0:00:01]}  a1=Q {[%clk 0:00:12]} 48. Rxa1 {[%clk 0:00:02]}  Qxa1+ {[%clk 0:00:13]} 49. Kh2 {[%clk 0:00:03]}  Qe5+ {[%clk 0:00:13]} 50. g3 {[%clk 0:00:03]}  Qf6 {[%clk 0:00:13]} 51. Kg2 {[%clk 0:00:03]}  Qg5 {[%clk 0:00:12]} 52. Qd3 {[%clk 0:00:03]}  Qe5 {[%clk 0:00:10]} 53. Qe2 {[%clk 0:00:03]}  c5 {[%clk 0:00:10]} 54. h4 {[%clk 0:00:04]}  c4 {[%clk 0:00:11]} 55. h5 {[%clk 0:00:04]}  c3 {[%clk 0:00:11]} 56. Qg4 {[%clk 0:00:05]}  Rg7 {[%clk 0:00:11]} 57. Qf3 {[%clk 0:00:06]}  Rxg3+ {[%clk 0:00:10]} 58. Qxg3 {[%clk 0:00:06]}  Qxg3+ {[%clk 0:00:11]} 59. Kxg3 {[%clk 0:00:07]}  c2 {[%clk 0:00:12]} 60. Kf4 {[%clk 0:00:08]}  c1=Q+ {[%clk 0:00:13]} 61. Ke5 {[%clk 0:00:09]}  Qg5+ {[%clk 0:00:13]} 62. Kxe6 {[%clk 0:00:10]}  Qxh5 {[%clk 0:00:14]} 63. e5 {[%clk 0:00:10]}  Qg4+ {[%clk 0:00:14]} 64. Kd6 {[%clk 0:00:11]}  Kg7 {[%clk 0:00:14]} 65. e6 {[%clk 0:00:12]}  Kf8 {[%clk 0:00:15]} 66. Kd7 {[%clk 0:00:13]}  Qd4+ {[%clk 0:00:13]} 67. Kc6 {[%clk 0:00:13]}  Ke7 {[%clk 0:00:13]} 68. Kb5 {[%clk 0:00:14]}  Kxe6 {[%clk 0:00:13]} 69. Ka5 {[%clk 0:00:15]}  Qb2 {[%clk 0:00:13]} 70. Ka6 {[%clk 0:00:16]}  h5 {[%clk 0:00:14]} 71. Ka7 {[%clk 0:00:17]}  h4 {[%clk 0:00:15]} 72. Ka8 {[%clk 0:00:18]}  h3 {[%clk 0:00:15]} 73. Ka7 {[%clk 0:00:19]}  h2 {[%clk 0:00:16]} 74. Ka8 {[%clk 0:00:20]}  h1=Q+ {[%clk 0:00:16]} 75. Ka7 {[%clk 0:00:20]}  Qhb7# {[%clk 0:00:17]} 0-1

[Event "April 9 Early 2024"]
[Site "Chess.com"]
[Date "2024.04.09"]
[Round "5"]
[White "Silva, Luca"]
[Black "Efimenko, Zahar"]
[Result "0-1"]
[Board "91"]
[WhiteFideId "147370"]
[BlackFideId "14107201"]
[WhiteTitle "FM"]
[BlackTitle "GM"]
[WhiteElo "2506"]
[BlackElo "2749"]
[WhiteTeam "ARG"]
[BlackTeam "UKR"]
[WhiteClock "0:00:07"]
[BlackClock "0:00:18"]
[Variant "Standard"]

1. d4 {[%clk 0:03:00]}  Nf6 {[%clk 0:02:44]} 2. c4 {[%clk 0:03:00]}  e6 {[%clk 0:02:43]} 3. Nc3 {[%clk 0:03:00]}  Bb4 {[%clk 0:02:42]} 4. e3 {[%clk 0:03:01]}  O-O {[%clk 0:02:41]} 5. Bd3 {[%clk 0:03:01]}  d5 {[%clk 0:02:40]} 6. cxd5 {[%clk 0:02:47]}  exd5 {[%clk 0:02:38]} 7. Ne2 {[%clk 0:02:46]}  Re8 {[%clk 0:02:31]} 8. O-O {[%clk 0:02:45]}  Bd6 {[%clk 0:02:30]} 9. Bd2 {[%clk 0:02:38]}  a6 {[%clk 0:02:28]} 10. Qc2 {[%clk 0:02:35]}  Nbd7 {[%clk 0:02:24]} 11. Rae1 {[%clk 0:02:33]}  c5 {[%clk 0:02:21]} 12. dxc5 {[%clk 0:02:32]}  Nxc5 {[%clk 0:02:21]} 13. Nd4 {[%clk 0:02:26]}  Nxd3 {[%clk 0:02:08]} 14. Qxd3 {[%clk 0:02:27]}  Bd7 {[%clk 0:02:02]} 15. Rc1 {[%clk 0:02:25]}  Rc8 {[%clk 0:02:00]} 16. Rfd1 {[%clk 0:02:22]}  Qb6 {[%clk 0:01:55]} 17. Nb3 {[%clk 0:02:17]}  Be6 {[%clk 0:01:51]} 18. Ne2 {[%clk 0:02:12]}  Ng4 {[%clk 0:01:45]} 19. Ng3 {[%clk 0:01:56]}  Ne5 {[%clk 0:01:31]} 20. Qd4 {[%clk 0:01:54]}  Qxd4 {[%clk 0:01:21]} 21. Nxd4 {[%clk 0:01:51]}  Rxc1 {[%clk 0:01:16]} 22. Rxc1 {[%clk 0:01:46]}  Nd3 {[%clk 0:01:16]} 23. Rc2 {[%clk 0:01:41]}  Bd7 {[%clk 0:01:11]} 24. Bc3 {[%clk 0:01:39]}  Rc8 {[%clk 0:01:07]} 25. Rd2 {[%clk 0:01:36]}  Nb4 {[%clk 0:00:48]} 26. a3 {[%clk 0:01:30]}  Na2 {[%clk 0:00:48]} 27. Ngf5 {[%clk 0:01:07]}  Bf8 {[%clk 0:00:44]} 28. g4 {[%clk 0:00:55]}  g6 {[%clk 0:00:38]} 29. Ng3 {[%clk 0:00:44]}  Nxc3 {[%clk 0:00:37]} 30. bxc3 {[%clk 0:00:44]}  Bxg4 {[%clk 0:00:37]} 31. f3 {[%clk 0:00:38]}  Bd7 {[%clk 0:00:35]} 32. Nge2 {[%clk 0:00:38]}  Bxa3 {[%clk 0:00:34]} 33. Nb3 {[%clk 0:00:36]}  Be6 {[%clk 0:00:31]} 34. Nbd4 {[%clk 0:00:35]}  Bc5 {[%clk 0:00:28]} 35. Kf2 {[%clk 0:00:33]}  a5 {[%clk 0:00:27]} 36. Rb2 {[%clk 0:00:33]}  b6 {[%clk 0:00:27]} 37. Nf4 {[%clk 0:00:27]}  Re8 {[%clk 0:00:26]} 38. Nd3 {[%clk 0:00:21]}  a4 {[%clk 0:00:24]} 39. Ra2 {[%clk 0:00:21]}  Bd7 {[%clk 0:00:22]} 40. Nf4 {[%clk 0:00:14]}  Bxd4 {[%clk 0:00:20]} 41. cxd4 {[%clk 0:00:14]}  Kg7 {[%clk 0:00:20]} 42. Ke2 {[%clk 0:00:11]}  b5 {[%clk 0:00:19]} 43. Kd2 {[%clk 0:00:12]}  b4 {[%clk 0:00:20]} 44. Nd3 {[%clk 0:00:11]}  Rb8 {[%clk 0:00:19]} 45. Nc5 {[%clk 0:00:10]}  b3 {[%clk 0:00:18]} 46. Ra1 {[%clk 0:00:10]}  b2 {[%clk 0:00:18]} 47. Rb1 {[%clk 0:00:11]}  a3 {[%clk 0:00:18]} 48. Nxd7 {[%clk 0:00:09]}  a2 {[%clk 0:00:19]} 49. Nxb8 {[%clk 0:00:07]}  axb1=Q {[%clk 0:00:18]} 0-1

[Event "April 9 Early 2024"]
[Site "Chess.com"]
[Date "2024.04.09"]
[Round "5"]
[White "Klymchuk, Andriy"]
[Black "Marin Ferragut, Pau"]
[Result "1/2-1/2"]
[Board "92"]
[WhiteFideId "14140063"]
[BlackFideId "54716020"]
[WhiteTitle "FM"]
[BlackTitle "CM"]
[WhiteElo "2694"]
[BlackElo "2478"]
[WhiteTeam "UKR"]
[BlackTeam "ESP"]
[WhiteClock "0:00:52"]
[BlackClock "0:00:14"]
[Variant "Standard"]

1. e4 {[%clk 0:03:00]}  c6 {[%clk 0:02:58]} 2. d4 {[%clk 0:03:00]}  d5 {[%clk 0:02:59]} 3. e5 {[%clk 0:03:01]}  c5 {[%clk 0:02:58]} 4. dxc5 {[%clk 0:03:00]}  e6 {[%clk 0:02:58]} 5. Qg4 {[%clk 0:03:00]}  h5 {[%clk 0:02:53]} 6. Qf4 {[%clk 0:03:00]}  Bxc5 {[%clk 0:02:49]} 7. Bd3 {[%clk 0:02:58]}  Nc6 {[%clk 0:02:45]} 8. Nf3 {[%clk 0:02:57]}  Nh6 {[%clk 0:02:33]} 9. O-O {[%clk 0:02:55]}  O-O {[%clk 0:02:19]} 10. Qg3 {[%clk 0:02:53]}  Kh8 {[%clk 0:01:57]} 11. Bxh6 {[%clk 0:02:46]}  gxh6 {[%clk 0:01:58]} 12. Qh3 {[%clk 0:02:42]}  h4 {[%clk 0:01:57]} 13. Nbd2 {[%clk 0:02:36]}  Be7 {[%clk 0:01:55]} 14. Qg4 {[%clk 0:02:31]}  Bg5 {[%clk 0:01:36]} 15. Rae1 {[%clk 0:02:15]}  Bd7 {[%clk 0:01:26]} 16. g3 {[%clk 0:02:12]}  Rg8 {[%clk 0:01:23]} 17. Qh5 {[%clk 0:02:11]}  Be8 {[%clk 0:01:18]} 18. Nxg5 {[%clk 0:02:06]}  Qxg5 {[%clk 0:01:15]} 19. Qxg5 {[%clk 0:02:04]}  hxg5 {[%clk 0:01:12]} 20. a3 {[%clk 0:02:01]}  a5 {[%clk 0:01:04]} 21. f3 {[%clk 0:01:59]}  hxg3 {[%clk 0:01:02]} 22. hxg3 {[%clk 0:01:59]}  Kg7 {[%clk 0:01:03]} 23. Kf2 {[%clk 0:01:59]}  Bd7 {[%clk 0:01:01]} 24. Rh1 {[%clk 0:01:59]}  Rh8 {[%clk 0:01:02]} 25. f4 {[%clk 0:01:58]}  g4 {[%clk 0:01:00]} 26. Nb3 {[%clk 0:01:55]}  b6 {[%clk 0:00:52]} 27. c3 {[%clk 0:01:51]}  a4 {[%clk 0:00:50]} 28. Nd4 {[%clk 0:01:49]}  Nxd4 {[%clk 0:00:50]} 29. cxd4 {[%clk 0:01:49]}  b5 {[%clk 0:00:29]} 30. Rc1 {[%clk 0:01:42]}  Rxh1 {[%clk 0:00:13]} 31. Rxh1 {[%clk 0:01:41]}  Ra7 {[%clk 0:00:13]} 32. Be2 {[%clk 0:01:29]}  Rc7 {[%clk 0:00:11]} 33. Bd3 {[%clk 0:01:24]}  Kf8 {[%clk 0:00:08]} 34. Ke3 {[%clk 0:01:23]}  Ke7 {[%clk 0:00:09]} 35. Kd2 {[%clk 0:01:24]}  b4 {[%clk 0:00:08]} 36. Rh4 {[%clk 0:01:07]}  bxa3 {[%clk 0:00:08]} 37. bxa3 {[%clk 0:01:07]}  Rb7 {[%clk 0:00:08]} 38. Bc2 {[%clk 0:01:08]}  Rb2 {[%clk 0:00:08]} 39. Rxg4 {[%clk 0:01:06]}  Ra2 {[%clk 0:00:07]} 40. Rg8 {[%clk 0:01:05]}  Rxa3 {[%clk 0:00:07]} 41. g4 {[%clk 0:01:04]}  Rg3 {[%clk 0:00:06]} 42. g5 {[%clk 0:01:01]}  Rg4 {[%clk 0:00:05]} 43. g6 {[%clk 0:00:56]}  fxg6 {[%clk 0:00:04]} 44. Rg7+ {[%clk 0:00:55]}  Kd8 {[%clk 0:00:04]} 45. Rxg6 {[%clk 0:00:55]}  Rxf4 {[%clk 0:00:04]} 46. Kc3 {[%clk 0:00:56]}  Rf3+ {[%clk 0:00:04]} 47. Kb4 {[%clk 0:00:55]}  a3 {[%clk 0:00:05]} 48. Bb3 {[%clk 0:00:54]}  Rf4 {[%clk 0:00:04]} 49. Kc5 {[%clk 0:00:51]}  Rf3 {[%clk 0:00:04]} 50. Kb4 {[%clk 0:00:50]}  Rd3 {[%clk 0:00:03]} 51. Rg4 {[%clk 0:00:50]}  Re3 {[%clk 0:00:02]} 52. Kxa3 {[%clk 0:00:50]}  Re4 {[%clk 0:00:03]} 53. Rxe4 {[%clk 0:00:50]}  dxe4 {[%clk 0:00:04]} 54. Kb4 {[%clk 0:00:50]}  Ke7 {[%clk 0:00:04]} 55. Kc3 {[%clk 0:00:50]}  Bc6 {[%clk 0:00:04]} 56. Kd2 {[%clk 0:00:50]}  Bd5 {[%clk 0:00:05]} 57. Bc2 {[%clk 0:00:50]}  Bc6 {[%clk 0:00:04]} 58. Ke3 {[%clk 0:00:50]}  Be8 {[%clk 0:00:05]} 59. Bxe4 {[%clk 0:00:49]}  Bh5 {[%clk 0:00:05]} 60. Kd2 {[%clk 0:00:49]}  Be8 {[%clk 0:00:06]} 61. Kc3 {[%clk 0:00:50]}  Bh5 {[%clk 0:00:06]} 62. Kb4 {[%clk 0:00:50]}  Be8 {[%clk 0:00:06]} 63. Bf3 {[%clk 0:00:49]}  Bf7 {[%clk 0:00:06]} 64. Kc3 {[%clk 0:00:49]}  Bg8 {[%clk 0:00:06]} 65. Kd2 {[%clk 0:00:50]}  Bh7 {[%clk 0:00:06]} 66. Ke3 {[%clk 0:00:51]}  Bg8 {[%clk 0:00:07]} 67. Bh5 {[%clk 0:00:52]}  Bh7 {[%clk 0:00:07]} 68. Kf4 {[%clk 0:00:52]}  Bd3 {[%clk 0:00:07]} 69. Kg5 {[%clk 0:00:51]}  Bc4 {[%clk 0:00:08]} 70. Bf3 {[%clk 0:00:51]}  Bb3 {[%clk 0:00:07]} 71. Kg6 {[%clk 0:00:50]}  Ba4 {[%clk 0:00:08]} 72. Be4 {[%clk 0:00:50]}  Be8+ {[%clk 0:00:08]} 73. Kg5 {[%clk 0:00:50]}  Ba4 {[%clk 0:00:09]} 74. Kf4 {[%clk 0:00:50]}  Be8 {[%clk 0:00:09]} 75. Ke3 {[%clk 0:00:50]}  Bd7 {[%clk 0:00:09]} 76. Kd2 {[%clk 0:00:51]}  Be8 {[%clk 0:00:10]} 77. Kc3 {[%clk 0:00:51]}  Bf7 {[%clk 0:00:10]} 78. Kb4 {[%clk 0:00:51]}  Bh5 {[%clk 0:00:11]} 79. Kc5 {[%clk 0:00:51]}  Be8 {[%clk 0:00:11]} 80. Kb6 {[%clk 0:00:51]}  Bh5 {[%clk 0:00:11]} 81. Kc7 {[%clk 0:00:52]}  Be8 {[%clk 0:00:11]} 82. Bf3 {[%clk 0:00:51]}  Bg6 {[%clk 0:00:12]} 83. Bc6 {[%clk 0:00:52]}  Bc2 {[%clk 0:00:12]} 84. Bd7 {[%clk 0:00:52]}  Bb3 {[%clk 0:00:12]} 85. Bc6 {[%clk 0:00:51]}  Bc4 {[%clk 0:00:12]} 86. Be4 {[%clk 0:00:51]}  Bb3 {[%clk 0:00:12]} 87. Kb6 {[%clk 0:00:52]}  Bd1 {[%clk 0:00:13]} 88. Kc5 {[%clk 0:00:52]}  Bg4 {[%clk 0:00:13]} 89. Bg2 {[%clk 0:00:52]}  Bh5 {[%clk 0:00:14]} 90. Bh3 {[%clk 0:00:51]}  Bg6 {[%clk 0:00:14]} 91. Kb4 {[%clk 0:00:49]}  Be4 {[%clk 0:00:14]} 92. Kc3 {[%clk 0:00:49]}  Bd5 {[%clk 0:00:14]} 93. Kd2 {[%clk 0:00:49]}  Bc6 {[%clk 0:00:14]} 94. Ke3 {[%clk 0:00:50]}  Be8 {[%clk 0:00:15]} 95. Kf4 {[%clk 0:00:51]}  Bd7 {[%clk 0:00:15]} 96. Bg2 {[%clk 0:00:51]}  Be8 {[%clk 0:00:15]} 97. Kg5 {[%clk 0:00:51]}  Ba4 {[%clk 0:00:15]} 98. Be4 {[%clk 0:00:51]}  Bb3 {[%clk 0:00:15]} 99. Kg6 {[%clk 0:00:51]}  Bc4 {[%clk 0:00:16]} 100. Kg7 {[%clk 0:00:52]}  Bb3 {[%clk 0:00:16]} 101. Bd3 {[%clk 0:00:51]}  Bd5 {[%clk 0:00:16]} 102. Bc2 {[%clk 0:00:52]}  Bc4 {[%clk 0:00:14]} 1/2-1/2